000
00193 a2200097 4500
020
_a
9789992467190
041
_a
spa
100
_a
Ovidio Ortega Reyes
245
_a
Yo en Movimiento
942
_c
BK
999
_c
15648
_d
15648